Christmas Movies - Statistics

General Stats
  • This quiz has been taken 944 times
  • The average score is 7 of 10
Answer Stats
Hint Answer % Correct
Boy's family leaves him at home when going on Christmas vacation Home Alone
100%
Children ride a train to north pole Polar Express
93%
Man leaves north pole for NYC in search of his father Elf
90%
Halloween mixed with Christmas The Nightmare Before Christmas
72%
Creature who lives by himself in a cave at the top of a mountain The Grinch
71%
Ghost of the past, present, and future A Christmas Carol
68%
Tim Allen has the new role of Santa The Santa Clause
66%
Reindeer who Santa decides can guide them through the fog Rudolph the Red-Nosed Reindeer
62%
Boy's tongue gets stuck to frozen pole A Christmas Story
54%
Couple decides to skip Christmas and go on a cruise Christmas with the Kranks
48%
No matching quizzes found
Score Distribution
Percent of People with Each Score
Percentile by Number Answered
Your Score History
You have not taken this quiz